000 01101nmm a2200421 a 4500
003 AR-BaBNM
005 20251128203407.0
008 127019s1984 ||||||||||||||000 | spa||
020 _a950-534-049
040 _cAR-BaBNM
100 1 _aPereira Pinto, Juan Carlos
245 1 0 _aDerecho constitucional
_bregímenes políticos contemporáneos, vocabulario constitucional y político
_n2
250 _a2ª ed.
260 _aBuenos Aires
_bA-Z editora
_c1984
300 1 _axi, p. 345-822
500 0 _aIndice p. ix-xi
500 0 _aContiene: actualización 1984
650 4 _aDERECHO CONSTITUCIONAL
650 4 _aCONSTITUCIONES
650 4 _aHISTORIA CONSTITUCIONAL
650 4 _aDERECHOS CIVILES Y POLITICOS
651 4 _aSuiza
651 4 _aRusia
651 4 _aReino Unido
651 4 _aPortugal
651 4 _aItalia
651 4 _aFrancia
651 4 _aEstados Unidos
651 4 _aEspaña
651 4 _aCanadá
651 4 _aAustralia
651 4 _aAsia
651 4 _aAmérica Latina
651 4 _aAlemania
651 4 _aAfrica
942 _cBK
998 _cAndrea
999 _c3177
_d3177